000 01472nam a22002417a 4500
001 6676
003 FISKH
005 20250520113433.0
008 250520b cb ||||| |||| 00| 0 eng d
040 _aFISKH
_bkhr
_cFISKH
_dFISKH
082 _a900
100 _aKosal, Phorn
245 _aសំណួរ-ចម្លើយ សិក្សាសង្គម ភូមិវិទ្យា និងប្រវត្តិវិទ្យា ថ្នាក់ទី ៩ /
_cរៀបរៀងដោយ ផន កុសល
260 _aភ្នំពេញ :
_bអ្នកគ្រូ ,
_c២០១១ .
300 _a100 pages :
_billustrations ;
_c15 cm .
520 _aសៀវភៅនេះត្រូវបានរៀបចំឡើងក្នុងគោលបំណងជួយសិស្សឱ្យយល់ជ្រៅ និងចងចាំមាតិកាមុខវិជ្ជា សិក្សាសង្គមបានល្អជាងមុន តាមរយៈសំណួរនិងចម្លើយប្រចាំមេរៀន។
520 _aThis book is designed to help students gain a deeper understanding and better retention of Social Studies content through lesson-based questions and answers."
650 _aប្រទេសកម្ពុជា​
_vភូមិវិទ្យា​
650 _aCambodia
_vGeography
700 _aSophertih, Neang
_eIllustrator
942 _2ddc
_cKHB
_n0
999 _c6676
_d6676